Mario Vargas Llosa, Le Paradis - un peu plus loin. Traduit de l’espagnol (Pérou) par Albert Bensoussan. Gallimard, 2003, 534 pages, 25 € (notice n° 1619280)
[ vue normale ]
| 000 -LEADER | |
|---|---|
| fixed length control field | 00862cam a2200157 4500500 |
| 005 - DATE AND TIME OF LATEST TRANSACTION | |
| control field | 20260111090632.0 |
| 041 ## - LANGUAGE CODE | |
| Language code of text/sound track or separate title | fre |
| 042 ## - AUTHENTICATION CODE | |
| Authentication code | dc |
| 100 10 - MAIN ENTRY--PERSONAL NAME | |
| Personal name | Mambrino, Jean |
| Relator term | author |
| 245 00 - TITLE STATEMENT | |
| Title | Mario Vargas Llosa, Le Paradis - un peu plus loin. Traduit de l’espagnol (Pérou) par Albert Bensoussan. Gallimard, 2003, 534 pages, 25 € |
| 260 ## - PUBLICATION, DISTRIBUTION, ETC. | |
| Date of publication, distribution, etc. | 2003.<br/> |
| 500 ## - GENERAL NOTE | |
| General note | 8 |
| 520 ## - SUMMARY, ETC. | |
| Summary, etc. | RésuméPrendre en charge le « Dieu Sauvage », c’est ce que firent, avec des moyens différents, Gauguin et Van Gogh, Rimbaud et Claudel, Segalen et Saint-John Perse. Ces enfants hallucinés furent confrontés à la grande crise des rhétoriques occidentales et de la raison des terriens... |
| 786 0# - DATA SOURCE ENTRY | |
| Note | Études | 399 | 10 | 2003-10-01 | p. 413a-430a | 0014-1941 |
| 856 41 - ELECTRONIC LOCATION AND ACCESS | |
| Uniform Resource Identifier | <a href="https://shs.cairn.info/revue-etudes-2003-10-page-413a?lang=fr&redirect-ssocas=7080">https://shs.cairn.info/revue-etudes-2003-10-page-413a?lang=fr&redirect-ssocas=7080</a> |
Pas d'exemplaire disponible.




Réseaux sociaux